A competitive assessment of the U.S.: General aviation aircraft industry

Đã lưu trong:
Bibliografiske detaljer
Format: Bog
Sprog:Undetermined
Udgivet: Paris International Trade Administration 1986
Fag:
Tags: Tilføj Tag
Ingen Tags, Vær først til at tagge denne postø!
Thư viện lưu trữ: Trung tâm Học liệu Trường Đại học Cần Thơ
LEADER 00500nam a2200169Ia 4500
001 CTU_87158
008 210402s9999 xx 000 0 und d
082 |a 338.4 
082 |b C736 
245 2 |a A competitive assessment of the U.S.: General aviation aircraft industry 
260 |a Paris 
260 |b International Trade Administration 
260 |c 1986 
650 |a aircraft industry 
650 |z united states 
904 |i Tuyến 
980 |a Trung tâm Học liệu Trường Đại học Cần Thơ